Fractions to Decimals Quiz #2 - Statistics

General Stats
  • This quiz has been taken 9 times
  • The average score is 16 of 20
Answer Stats
Hint Answer % Correct
3/43 0.07
100%
8/59 0.14
86%
9/54 0.17
86%
15/58 0.26
86%
16/46 0.35
86%
17/44 0.39
86%
22/45 0.49
86%
26/47 0.55
86%
36/59 0.61
86%
37/50 0.74
86%
42/46 0.91
86%
40/43 0.93
86%
12/42 0.29
71%
18/40 0.45
71%
19/41 0.46
71%
32/57 0.56
71%
41/57 0.72
71%
42/51 0.82
71%
37/43 0.86
71%
53/60 0.88
71%
No matching quizzes found
Score Distribution
Percent of People with Each Score
Percentile by Number Answered
Your Score History
You have not taken this quiz